FUNDAMENTAL PRINCIPLES OF LAW (Record no. 216331)

MARC details
000 -LEADER
fixed length control field 00418nam a22001577a 4500
008 - FIXED-LENGTH DATA ELEMENTS--GENERAL INFORMATION
fixed length control field 251203b |||||||| |||| 00| 0 eng d
020 ## - INTERNATIONAL STANDARD BOOK NUMBER
International Standard Book Number 0-421-85760-9
050 ## - LIBRARY OF CONGRESS CALL NUMBER
Classification number KD 1480.H39 2003
100 ## - MAIN ENTRY--PERSONAL NAME
Personal name HAYTON D.J
245 ## - TITLE STATEMENT
Title FUNDAMENTAL PRINCIPLES OF LAW
Remainder of title THE LAW TRUSTS
260 ## - PUBLICATION, DISTRIBUTION, ETC.
Place of publication, distribution, etc. LONDON
Name of publisher, distributor, etc. SWEET AND MAXWEL
Date of publication, distribution, etc. 2003
300 ## - PHYSICAL DESCRIPTION
Extent X,215
500 ## - GENERAL NOTE
General note INCLUDES AN INDEX
942 ## - ADDED ENTRY ELEMENTS (KOHA)
Source of classification or shelving scheme Library of Congress Classification
Koha item type Long Loan Book
Holdings
Withdrawn status Lost status Source of classification or shelving scheme Damaged status Not for loan Collection Home library Current library Shelving location Date acquired Inventory number Total checkouts Full call number Barcode Date last seen Date last checked out Copy number Price effective from Koha item type
    Library of Congress Classification     Law Kisii University Library Kisii University Library On Display 12/03/2025 110360 1 KD 1480.H39 2003 000000023247 04/23/2026 04/20/2026 C.2 12/03/2025 Long Loan Book
    Library of Congress Classification     Law Kisii University Library Kisii University Library On Display 12/03/2025 110361   KD 1480.H39 2003 000000023248 12/03/2025   C.3 12/03/2025 Long Loan Book